LEADER 01034nam a2200253 u 4500 001 000000072760 003 CaOOAMICUS 005 20070226122257.0 008 020620s1980 gw u000 u ger u 020 $a3446129790 035 $a10934252 040 $aPUL(R)$bita 100 1 $aHentig, Hartmut von.$0(OLS)http://pul/name/48138 245 14$aDie entmutigte Republik :$bpolitische Aufsätze /$cHartmut Von Hentig. 260 $aMünchen :$bCarl Hanser,$cc1980. 300 $a456 p. ;$c23 cm 504 $aBibliografia in nota. 651 4$aGermania$xPolitica e governo$ySec. XX.$0(OLS)http://pul/subject/8131 850 $aPUL 852 $aPUL$W1$xDP1 Cons. Gen., Altre Classi 1$y22$m841 G 62$j94120$nBK-PRI$b $qStampati$B94120$CPULBib$Z2$F94120 $H64451 $81 941 1 $a8 996 $6020$a3446129790$9(OLS)http://pul/number/93891 996 $6245$aDie entmutigte Republik :$bpolitische Aufsätze$9(OLS)http://pul/title/95686 996 $6260$aMünchen :$bCarl Hanser$9(OLS)http://pul/publisher/73967 LEADER 01114nam a2200277 u 4500 001 000000140637 003 CaOOAMICUS 005 20141126124432.0 008 141126s1973 it u000 u ita u 040 $aPUL$bita 100 1 $aFontaine, Jacques,$d1922-$0(OLS)http://pul/name/7143 240 13$aLa littérature latine chrétienne.$litaliano.$0(OLS)http://pul/title/177986 245 03$aLa Letteratura latina cristiana /$cJacques Fontaine. 260 $aBologna :$bIl Mulino,$cc1973. 300 $a223 p.$c22 cm 490 1 $aSaggi(Il Mulino) 500 $aContiene indici. 504 $aBibliografia in nota. 650 4$aLetteratura latina cristiana$ySec. IV-VIII.$0(OLS)http://pul/subject/40986 830 0$aSaggi (Il Mulino) ;$v127.$0(OLS)http://pul/title/7843 850 $aPUL 852 $aPUL$W1$xDP1 Fondo Capitani$y116$m1 B 20.127$j162438$qFondi$B161976$CPULBib$Z2$F161976 $HCap1564 $82 941 1 $a1 996 $6245$aLa Letteratura latina cristiana$9(OLS)http://pul/title/177985 996 $6260$aBologna :$bIl Mulino$9(OLS)http://pul/publisher/47928